000 00583nam a2200157 4500
008 170307b xxu||||| |||| 00| 0 eng d
022 _a01153544
082 _aDPer 338.05 En86 Apr-Jul 2015 v. 15, n. 158-161
100 _919023
_aVizcarra, Victoria.
245 _aFair game:
_baltitude games tapped into the customer POV to better understand their niche/
_cVictoria Vizcarra.
260 _aPhilippines:
_bSummit Media,
_cApr-Jul 2015.
300 _av15 n159, page 31:
_billustrations,
_c28 cm.
500 _aEntrepreneur.
650 0 _919025
_aComputer games
942 _2ddc
_cPER
999 _c6339
_d6339